000 00671nam a2200241Ia 4500
003 OSt
005 20220926000050.0
006 a|||||r|||| 00| 0
007 ta
008 220923b |||||||| |||| 00| 0 eng d
037 _cGeneral Book
040 _aRTL
_cRTL
_beng
041 _2eng
_aeng
082 _az.2.N90t5:g, N1
110 _aIndia Planning Commission
245 0 _aObjectives thrusts and macro dimensions of the eig
260 _a New Delhi
_bGovt Press India
_c1990
300 _a26p.
_ccm.
650 _aGenerglia
700 _aIndia Planning Commission
942 _hz.2.N90t5:g, N1
_cGB
_2CC
999 _c598387
_d598387